000 02658cam a22005054i 4500
003 PE-LiUPU
005 20250731173432.0
008 150706s2012 flua r 000 0 spa d
020 _a9780829760408
035 _a(Sirsi) i9780829760408
040 _aPE-LiUPU
_bspa
_cPE-LiUPU
_erda
049 _aPRUA
082 0 4 _a266.00985
_bK59
_221
100 1 _aKlaus-Dieter, John,
_eautor.
245 1 0 _aDios es visible :
_buna conmovedora historia sobre la fe en acción /
_cKlaus-Dieter John.
264 1 _aMiami, Florida :
_bVida,
_c2012.
300 _a271 páginas :
_bilustraciones ;
_c22 centímetros
336 _atext
_2rdacontent
337 _aunmediated
_2rdamedia
338 _avolume
_2rdacarrier
500 _aTitulo original: lchhabe gott gesehen.
505 0 _aAl borde de la muerte -- Novios de secundaria . para toda la vida -- Ida y vuelta a Ghana en solo seis semanas -- Mi experiencia con el buzón de correos -- Zigzagueando por todos los Estados Unidos -- Trabajar hasta caer exhausto -- En el imperio de los incas -- Los años de Yale -- Esquivando las balas -- Fijando el rumbo -- Bajo el sol ecuatorial -- La señal para comenzar -- Diez personas se deciden a actuar -- ¿Perú o Bolivia? -- Algo merecedor de ser incluido en el libro Guinness de Récords -- Una acampada bajo techo -- Un maratón por toda Alemania -- El gran paso al frente -- Esa es la persona con la que necesitan hablar -- La historia de la familia Kaltenbach -- En el parlamento Europeo -- Los piñones de su inmensa rueda -- Llevando adelante el proyecto -- Se busca almacén -- Una gozosa celebración -- Oraciones rápidas en la carretera -- Nuestra emigración al Perú -- En la ciénaga de la corrupción.
526 _aSEG42
526 _aSEG41
526 _aSEG40
526 _aSEG39
526 _aP94
526 _aP87
526 _aP86
526 _aP85
526 _aP77
526 _aP76
526 _aP35
541 _g001-0000631;
600 1 _aJohn, Klaus Dieter
650 0 4 _aMédicos
_zAlemania
_vBiografía.
650 0 4 _aEdificios del hospital
_zPerú
_vDiseño y construcción.
650 0 4 _aMisiones
_zPerú.
910 _agl
_clch
_d20130808
942 _2ddc
_cBOOK
949 _a266.00985 K59
_wDEWEY
_c1
_i67913
_lCCODEBUL1
_mBUL
_p17.00
_r0
_sY
_tBOOK
_u2015-7-6
_xTEOLOGIA
_PP35
_o.STAFF. Colección General
994 _aC0
_bPEPRU
596 _a1
999 _a266.00985 K59
_wDEWEY
_c55423
_i67913
_d55423
_f2021-11-10
_g5
_lCCODEBUL1
_mBUL
_p17.00
_q1
_r0
_sY
_tBOOK
_u2015-7-6
_xTEOLOGIA
_PP35
_0COMPRA
_o.STAFF. Colección Teología
980 _81
_gALBERTO SANCHEZ Responsable de Automatización